| 000 | 01236nam a22002897a 4500 | ||
|---|---|---|---|
| 001 | 4848 | ||
| 003 | FISKH | ||
| 005 | 20241017154314.0 | ||
| 008 | 241017b cb ||||| |||| 00| 0 eng d | ||
| 020 | _a9780194789028 | ||
| 040 |
_aFISKH _beng _cFISKH _dFISKH |
||
| 050 | _aPE1126.A4 | ||
| 082 | _a428 | ||
| 100 | _aHannam, Joyce | ||
| 245 |
_aChristmas in Prague / _cby Joyce Hannam |
||
| 260 |
_aNew York : _bOxford University Press ; _c2008 . |
||
| 300 |
_a56 pages : _billustrations ; _c21 cm . |
||
| 490 | _aOxford Bookworms | ||
| 505 | _aG | ||
| 520 | _aIn a house in Oxford three people are having breakfast - Carol, her husband Jan, and his father Josef. They are talking about Prague, because Carol wants them all to go there for Christmas. Josef was born in Prague, but he left his home city when he was a young man. He is an old man now, and he would like to see Prague again before he dies. But he is afraid. He still remembers another Christmas in Prague, many long years ago - a Christmas that changed his life for ever . . . | ||
| 521 | 8 |
_a390
_bLexile |
|
| 521 | 8 |
_aG
_bRaz-Plus |
|
| 650 |
_amove _vfiction |
||
| 700 |
_aDickinson, Paul _eillustrator |
||
| 942 |
_2ddc _cBK _n0 |
||
| 999 |
_c4848 _d4848 |
||